Η καρποφορία μιας προσπάθειας

Αποθηκεύτηκε σε:
Λεπτομέρειες βιβλιογραφικής εγγραφής
Κύριος συγγραφέας: Κοντός, Αλέξανδρος, 1960-
Μορφή: Βιβλίο
Γλώσσα:Greek
Δημοσίευση: Αθήνα : Λιβάνης, 2007.
Σειρά:Πολιτική (Εκδοτικός Οργανισμός Λιβάνη)
Θέματα:
Ετικέτες: Προσθήκη ετικέτας
Δεν υπάρχουν, Καταχωρήστε ετικέτα πρώτοι!

MARC

LEADER 00000cam a2200000 i 4500
001 1/62980
008 071114s2007 gr | ||| |||| ||gre||
020 |a 9789601416076 
035 |l 10092290 
040 |a GR-MY-UA  |b gre  |e aacr 
041 0 |a gre 
082 7 |a 338.18495   |2 (22) 
100 1 |a Κοντός, Αλέξανδρος,   |d 1960- 
245 1 2 |a Η καρποφορία μιας προσπάθειας /   |c Αλέξανδρος Κοντός.  
260 |a Αθήνα :   |b Λιβάνης,   |c 2007.  
300 |a 205 σ. ;   |c 21 εκ.  
490 1 |a (Πολιτική / Εκδοτικός Οργανισμός Λιβάνη) 
650 0 0 |a Agricultural development projects  |z European Economic Community countries. 
650 0 0 |a Agricultural development projects  |z Greece. 
650 0 0 |a Agriculture  |x Economic aspects  |z Greece  |z Thrace, Western. 
650 0 0 |a Agriculture and state  |z Greece. 
830 0 |a Πολιτική (Εκδοτικός Οργανισμός Λιβάνη) 
852 |a INST  |b LESVOS  |e 20071114  |h 338.18495 ΚΟΝ  |p 005100040771  |q 005100040771  |t BK  |y 0 
901 |a BIBL1-2007-3 
909 |a Λ  |b 132325 
970 |a ΧΑΤΖΗΜΙΧΑΗΛ  |b ΜΑΡΙΑ  |z 2007/11/14